Arquitectura y carpintería mudéjar en Nueva España (Record no. 9232)
[ view plain ]
| 000 -CABECERA | |
|---|---|
| campo de control de longitud fija | 00916nam a2200265 a 4500 |
| 001 - NÚMERO DE CONTROL | |
| campo de control | BRL_419 |
| 005 - FECHA Y HORA DE LA ÚLTIMA TRANSACCIÓN | |
| campo de control | 20190320210732.0 |
| 008 - DATOS DE LONGITUD FIJA--INFORMACIÓN GENERAL | |
| campo de control de longitud fija | 070813s1992----mx-a######---#000-0#spa-# |
| 041 ## - CÓDIGO DE LENGUA | |
| Código de lengua del texto/banda sonora o título independiente | spa |
| 044 ## - CÓDIGO DEL PAÍS DE LA ENTIDAD EDITORA/PRODUCTORA | |
| Código MARC del país | mx |
| 050 #4 - SIGNATURA TOPOGRÁFICA DE LA BIBLIOTECA DEL CONGRESO | |
| Número de clasificación | N6553 |
| Número de documento/Ítem | .A78 7 1992 |
| 245 10 - MENCIÓN DE TÍTULO | |
| Título | Arquitectura y carpintería mudéjar en Nueva España |
| Mención de responsabilidad, etc. | Rafael López Guzman ... [et al.] ; presentación, Sergio Zaldívar Guerra. |
| 260 ## - PUBLICACIÓN, DISTRIBUCIÓN, ETC. | |
| Lugar de publicación, distribución, etc. | [México] |
| Nombre del editor, distribuidor, etc. | Grupo Azabache |
| Fecha de publicación, distribución, etc. | 1992 |
| 300 ## - DESCRIPCIÓN FÍSICA | |
| Extensión | 190 p. |
| Otras características físicas | il. (algunas a color) |
| Dimensiones | 30 cm. |
| 440 #0 - MENCIÓN DE SERIE/PUNTO DE ACCESO ADICIONAL--TÍTULO | |
| Título | Arte novohispano |
| Designación de volumen o secuencia | 7 |
| 9 (RLIN) | 23870 |
| 500 ## - NOTA GENERAL | |
| Nota general | Au414 |
| 500 ## - NOTA GENERAL | |
| Nota general | Bibliografía : p. 189-[191] |
| 650 14 - PUNTO DE ACCESO ADICIONAL DE MATERIA--TÉRMINO DE MATERIA | |
| Término de materia o nombre geográfico como elemento de entrada | Arquitectura religiosa |
| Subdivisión general | Influencias mudéjar |
| Subdivisión geográfica | México |
| 9 (RLIN) | 6988 |
| 650 14 - PUNTO DE ACCESO ADICIONAL DE MATERIA--TÉRMINO DE MATERIA | |
| Término de materia o nombre geográfico como elemento de entrada | Arquitectura religiosa |
| Subdivisión general | Detalles |
| Subdivisión geográfica | México |
| 9 (RLIN) | 6989 |
| 650 14 - PUNTO DE ACCESO ADICIONAL DE MATERIA--TÉRMINO DE MATERIA | |
| Término de materia o nombre geográfico como elemento de entrada | Arquitectura colonial |
| Subdivisión geográfica | México |
| 9 (RLIN) | 1940 |
| 700 1# - PUNTO DE ACCESO ADICIONAL--NOMBRE DE PERSONA | |
| Nombre de persona | López Guzmán, Rafael |
| 9 (RLIN) | 6990 |
| 700 1# - PUNTO DE ACCESO ADICIONAL--NOMBRE DE PERSONA | |
| Nombre de persona | Zaldívar Guerra, Sergio |
| 9 (RLIN) | 6991 |
| 902 ## - CATALOGADOR | |
| Iniciales | GRL |
| 942 ## - ELEMENTOS DE PUNTO DE ACCESO ADICIONAL (KOHA) | |
| Fuente del sistema de clasificación o colocación | Library of Congress Classification |
| Tipo de ítem Koha | Libros |
| Estado de retiro | Estado de pérdida | Estado dañado | No para préstamo | Localización permanente | Ubicación/localización actual | Fecha de adquisición | Número de inventario | Total de préstamos | Signatura topográfica completa | Código de barras | Fecha visto por última vez | Precio válido a partir de | Tipo de ítem Koha |
|---|---|---|---|---|---|---|---|---|---|---|---|---|---|
| El ejemplar forma parte de la colección y puede ser consultado según las políticas vigentes. | Biblioteca Centro de Estudios Ruth D. Lechuga | Biblioteca Centro de Estudios Ruth D. Lechuga | 07/08/2013 | Au414 | N6553 .A78 7 1992 (Au414) | GRL00451 | 22/03/2019 | 22/03/2019 | Libros |